Contribution of Public Choice Literature to the Search for a New Paradigm

Enregistré dans:
Détails bibliographiques
Auteur principal: Čaplánová, Anetta, 1967-
Format: Chapitre de livre
Langue:anglais
Sujets:
Tags: Ajouter un tag
Pas de tags, Soyez le premier à ajouter un tag!

MARC

LEADER 00000naa$a2200000$$$4500
001 0179383
005 20240502083423.1
041 0 |a eng 
044 |a PL 
245 1 0 |a Contribution of Public Choice Literature to the Search for a New Paradigm  |c Anetta Čaplánová 
610 2 0 |a voľba verejná 
610 2 0 |a teórie ekonomické 
610 2 0 |a myslenie ekonomické 
610 2 0 |a inštitucionalizmus 
610 2 0 |a teória voľby verejnej 
100 1 |a Čaplánová, Anetta, 1967-